La guerra civil de 1891: Relación histórico militar. Tomo I, La Campaña del Norte. Con 8 planos litográficos
Saved in:
| 主要作者: | |
|---|---|
| 企業作者: | |
| 格式: | 圖書 |
| 語言: | 西班牙语 |
| 出版: |
Santiago
Imprenta La Sud América
1942
|
| 版: | 1a. ed |
| 主題: | |
| 標簽: |
添加標簽
沒有標簽, 成為第一個標記此記錄!
|
MARC
| LEADER | 00000nam a2200000 a 4500 | ||
|---|---|---|---|
| 001 | UCJ3116 | ||
| 003 | CL-VaPUC | ||
| 008 | 070124e19420000CL |||||||||||||||||spa|d | ||
| 082 | 0 | 4 | |a 983 |b DIA |2 21 |
| 100 | 0 | |a Díaz V., Francisco Javier |e author |9 504524 | |
| 110 | 2 | |a Estado Mayor General del Ejercito: Sección Historia |e author |9 504525 | |
| 245 | 1 | 3 | |a La guerra civil de 1891: Relación histórico militar. Tomo I, La Campaña del Norte. Con 8 planos litográficos |
| 250 | |a 1a. ed | ||
| 300 | |a 152 p | ||
| 942 | |c BK | ||
| 945 | |d 20070124 00:00:00 |a rinostro | ||
| 260 | |a Santiago |b Imprenta La Sud América |c 1942 | ||
| 500 | |a Fuera de texto en sobre anexo, ocho planos de lugares relacionados con las operaciones militares aludidas; relación de los congresales que firmaron la deposición del presidente Balmaceda; composición de las fuerzas beligerantes | ||
| 600 | 0 | |a Balmaceda Fernández, José Manuel, |d 1840-1891 |9 315369 | |
| 600 | 0 | 7 | |a EJERCITO DE CHILE |2 CL-VaPUC |9 404556 |
| 600 | 0 | |a Armada de Chile |9 340497 | |
| 600 | 0 | 7 | |a DIVISION CAMUS |2 CL-VaPUC |9 444775 |
| 600 | 0 | 7 | |a DIVISION ROBLES |2 CL-VaPUC |9 504526 |
| 600 | 0 | 7 | |a DIVISION ARRATE |2 CL-VaPUC |9 504527 |
| 600 | 0 | 7 | |a OPERACIONES NAVALES |2 CL-VaPUC |9 504528 |
| 600 | 0 | |a Montt, Jorge, |d 1845-1922 |9 377633 | |
| 650 | 7 | |a GUERRA CIVIL DE 1891 |2 CL-VaPUC |9 408173 | |
| 650 | 0 | |a Operaciones militares |9 372045 | |
| 650 | 0 | |a Presidentes de Chile |9 268293 | |
| 650 | 7 | |a DOCUMENTOS |2 CL-VaPUC |9 366450 | |
| 650 | 7 | |a CONFLICTO DE PODERES |2 CL-VaPUC |9 504182 | |
| 650 | 0 | |a Derecho constitucional |9 222588 | |
| 650 | 7 | |a BIBLIOGRAFIA |2 CL-VaPUC |9 256175 | |
| 650 | 0 | |a Historiografía |9 257871 | |
| 650 | 0 | |a Historia militar |9 268297 | |
| 650 | 0 | |a Mapas |9 260844 | |
| 650 | 0 | |a Historia de Chile |9 265473 | |
| 651 | 7 | |a PISAGUA |2 CL-VaPUC |9 440310 | |
| 651 | 7 | |a ALTO HOSPICIO |2 CL-VaPUC |9 504529 | |
| 651 | 7 | |a POZO ALMONTE |2 CL-VaPUC |9 504199 | |
| 651 | 7 | |a IQUIQUE |2 CL-VaPUC |9 357757 | |
| 651 | 7 | |a TARAPACA |2 CL-VaPUC |9 268304 | |
| 651 | 7 | |a SAN FRANCISCO |2 CL-VaPUC |9 504530 | |
| 583 | |a last modification |c 20070124 00:00:00 |k Rodrigo Vera | ||
| 999 | |c 319239 |d 319237 | ||
| 952 | |0 0 |1 0 |4 0 |6 983_000000000000000_DIA_1942 |7 0 |8 X |9 397507 |a FDOBUD |b FDOBUD |d 2019-11-22 |i 1011960 |o 983 DIA 1942 |p 1011960 |r 2019-11-22 |w 2019-11-22 |y BK_X |k BUD | ||